Catálogo público

Técnicas microhistológica para la determinación de la composición botánica de la dieta de herbívoros / Antonia González Embarcadero y Ricardo Daniel Améndola Massiotti (Record no. 217039)

MARC details
000 -CABECERA
campo de control de longitud fija 01084nam a2200277Ia 4500
001 - NÚMERO DE CONTROL
campo de control Z_6025
008 - DATOS DE LONGITUD FIJA--INFORMACIÓN GENERAL
campo de control de longitud fija 220601s9999 xx 000 0 und d
020 ## - NÚMERO INTERNACIONAL ESTÁNDAR DEL LIBRO
Número Internacional Estándar del Libro 978-607-12-0129-4
082 ## - NÚMERO DE LA CLASIFICACIÓN DECIMAL DEWEY
Número de clasificación 636.085 G66
100 ## - ENTRADA PRINCIPAL--NOMBRE DE PERSONA
Nombre de persona González Embarcadero, Antonia
9 (RLIN) 48874
245 ## - MENCIÓN DE TÍTULO
Título Técnicas microhistológica para la determinación de la composición botánica de la dieta de herbívoros / Antonia González Embarcadero y Ricardo Daniel Améndola Massiotti
260 ## - PUBLICACIÓN, DISTRIBUCIÓN, ETC.
Lugar de publicación, distribución, etc. México : Universidad Autónoma Chapingo
300 ## - DESCRIPCIÓN FÍSICA
Extensión 121 p.
503 ## - NOTA DE HISTORIA BIBLIOGRÁFICA (BK CF MU) [OBSOLETO]
Nota de historia bibliográfica ej.1: C/E \ ej.2: C/E \ ej.3: C/E \ ej.4: s/n (reposición por el mismo título y año) \ ej.5: s/n \ ej.6: s/n
504 ## - NOTA DE BIBLIOGRAFÍA, ETC.
Nota de bibliografía, etc. Bibliografía: p. 115 - 121
505 ## - NOTA DE CONTENIDO CON FORMATO
Nota de contenido con formato Incluye Indice de figuras y cuadros
650 ## - PUNTO DE ACCESO ADICIONAL DE MATERIA--TÉRMINO DE MATERIA
Término de materia o nombre geográfico como elemento de entrada 1. Nutrición Animal
650 ## - PUNTO DE ACCESO ADICIONAL DE MATERIA--TÉRMINO DE MATERIA
Término de materia o nombre geográfico como elemento de entrada Anatomía e histología
650 ## - PUNTO DE ACCESO ADICIONAL DE MATERIA--TÉRMINO DE MATERIA
Término de materia o nombre geográfico como elemento de entrada Herbívoros
9 (RLIN) 53702
700 ## - PUNTO DE ACCESO ADICIONAL--NOMBRE DE PERSONA
Nombre de persona I. Améndola Massiotti, Ricardo Daniel, coaut.Ì
9 (RLIN) 183074
901 ## - ELEMENTOS DE DATOS A LOCAL LDA (RLIN)
a 636.085 G66
902 ## - ELEMENTOS DE DATOS B LOCAL, LDB (RLIN)
a M
905 ## - ELEMENTOS DE DATOS E LOCAL, LDE (RLIN)
a 5232272010 mx d 8212223322spa16
942 ## - ELEMENTOS DE PUNTO DE ACCESO ADICIONAL (KOHA)
Tipo de ítem Koha Libro_

No items available.